| 000 | 00538nam a2200205 4500 | ||
|---|---|---|---|
| 001 | sa 68014391 | ||
| 003 | DLC | ||
| 005 | 20260227112631.0 | ||
| 008 | 700220s1967 ii a 00110 eng | ||
| 010 | _asa 68014391 | ||
| 025 | _aPL480:I-E-11118 | ||
| 050 | 0 |
_aTJ1280 _b.G56 |
|
| 082 | _a621.9/2 | ||
| 100 | 1 | 0 | _aGokharu, S. S. |
| 245 | 1 |
_aCentreless grinding, _cby S. S. Gokharu. |
|
| 260 | 0 |
_aBombay, _bD. B. Taraporevala Sons _c[1967] |
|
| 300 |
_axi, 179 p. _billus. _c23 cm. |
||
| 350 | _a17.00 | ||
| 650 | 0 | _aCenterless grinding. | |
| 999 |
_c85749 _d85749 |
||